| 000 | 00983nmc a2200349 a 4500 | ||
|---|---|---|---|
| 003 | AR-BaBNM | ||
| 005 | 20251128211124.0 | ||
| 008 | 182120s2001 ||||||||||||||000 | spa|| | ||
| 020 | _a950-23-1170-1 | ||
| 040 | _cAR-BaBNM | ||
| 100 | 1 | _aGanuza, Enrique | |
| 245 | 1 | 0 |
_aLiberalización, desigualdad y pobreza _bAmérica Latina y el Caribe en los 90 |
| 250 | _a1ª ed. | ||
| 260 |
_aBuenos Aires _bEudeba _bCEPAL _bPNUD _c2001 |
||
| 300 |
_a1041 p. _btablas, gráf. |
||
| 490 | 0 | _aLas Instituciones | |
| 504 | _aContiene bibliografía al final del volumen | ||
| 650 | 4 | _aLIBRE COMERCIO | |
| 650 | 4 | _aPOBREZA | |
| 650 | 4 | _aEMPLEO | |
| 650 | 4 | _aREFORMA ECONOMICA | |
| 650 | 4 | _aINVESTIGACION ECONOMICA | |
| 650 | 4 | _aDESIGUALDAD ECONOMICA | |
| 650 | 4 | _aDISTRIBUCION DE INGRESOS | |
| 651 | 4 | _aAmérica Latina | |
| 653 | _aGLOBALIZACION | ||
| 700 | 1 | _aPaes de Barros, Ricardo | |
| 700 | 1 | _aTaylor, Lance | |
| 700 | 1 | _aVos, Rob | |
| 942 | _cBK | ||
| 998 | _cAlicia | ||
| 999 |
_c18332 _d18332 |
||